| 000 | 00446nam a2200181Ia 4500 | ||
|---|---|---|---|
| 003 | OSt | ||
| 005 | 20230602111751.0 | ||
| 008 | 210423s1958 xx 000 0 und d | ||
| 040 | _cAL | ||
| 041 | _aeng | ||
| 082 |
_a158.7 _223 _b HARI |
||
| 100 |
_aHARRELL (Thomas W). _9118772 |
||
| 245 | _aIndustrial psychology. | ||
| 260 |
_aNew Delhi _bOxford & IBH _c1958 |
||
| 365 |
_b185 _cINR |
||
| 906 | _aIndustrial ; psychology. | ||
| 942 |
_2ddc _cBK |
||
| 999 |
_c174758 _d174758 |
||